000 00421nam a22001577a 4500
005 20251120102530.0
008 251120b |||||||| |||| 00| 0 eng d
020 _a979-8-88715-070-3
100 _aOLIVER, SCOTT
245 _aFOREST CONSERVATION AND MANAGEMENT
260 _aDUBLIN, OH
_bORYSON PRESS
_c2023
300 _aVIII, 272P.
500 _aINCLUDES INDEX
650 _aFOREST CONSERVATION
942 _2lcc
_cBK
999 _c216221
_d216221